000 00297nam a22001217a 4500
008 180426b xxu||||| |||| 00| 0 eng d
041 _aeng
080 _a043.3
100 _a0
101 _aARK-BA
245 _aInstitucion Parashkollore Qerdhe dhe Kopsht per Femije
_cSokoli, Q
942 _2udc
_cBK
999 _c45556
_d45556